Top 10 des prénoms des garçons les plus intelligents - Statistiques

Statistiques générales
  • Ce quiz a été pris 1 351 fois
  • Le résultat moyen est 3 sur 10
Statistiques - réponses
TOP QI Prénoms % Correct
5 144 Louis
53%
3 150 Paul
42%
7 138 Jules
36%
8 130 Antoine
26%
6 141 Raphael
26%
2 156 Charles
22%
9 126 Martin
18%
10 123 Nicolas
17%
1 160 Richard
12%
4 147 Carl
8%
Aucun quiz correspondant
Distribution des résultats
% des personnes avec chaque résultat
Percentile par nombre de réponses
Votre historique - résultats
Vous n’avez pas pris ce quiz